Central Library OPAC University of Rajshahi

Fairbrother's Textbook of Bacteriology / (Record no. 14284)

MARC details
000 -LEADER
fixed length control field 00887nam a22002657a 4500
001 - CONTROL NUMBER
control field 14284
003 - CONTROL NUMBER IDENTIFIER
rucl marc code BD-RjUL
005 - DATE AND TIME OF LATEST TRANSACTION
control field 20211208235613.0
008 - FIXED-LENGTH DATA ELEMENTS--GENERAL INFORMATION
fixed length control field 140205r19701974bg a|||| |||| 001 0 eng d
035 ## - SYSTEM CONTROL NUMBER
System control number (BD-RjUL)14336
-- (OCoLC)4764870
040 ## - CATALOGING SOURCE
Original cataloging agency BD-RjUL
Language of cataloging eng
Transcribing agency BD-RjUL
041 ## - LANGUAGE CODE
Language code of text/sound track or separate title eng
082 04 - DEWEY DECIMAL CLASSIFICATION NUMBER
Classification number 660.28449
Author mark and year FAI 1974
245 1# - TITLE STATEMENT
Title Fairbrother's Textbook of Bacteriology /
Statement of responsibility, etc. R. L. Vollum, D. G. Jamison, C. S. Cummins
250 ## - EDITION STATEMENT
Edition statement 10th ed.
260 ## - PUBLICATION, DISTRIBUTION, ETC. (IMPRINT)
Place of publication, distribution, etc. Dacca :
Name of publisher, distributor, etc. Oxford University Press,
Date of publication, distribution, etc. 1974
300 ## - PHYSICAL DESCRIPTION
Pagination viii, 447 p. :
Illustrations ill. ;
Size 22 cm.
504 ## - BIBLIOGRAPHY, ETC. NOTE
Bibliography, etc Include index.
650 ## - SUBJECT ADDED ENTRY--TOPICAL TERM
Topical term or geographic name as entry element Microbiology.
9 (RLIN) 44603
700 1# - ADDED ENTRY--PERSONAL NAME
Personal name Vollum, R. L.
Personal name Jamison, D. G.
Personal name Cummins, C. S.
856 ## - ELECTRONIC LOCATION AND ACCESS
Materials specified WorldCat
Uniform Resource Identifier <a href="http://www.worldcat.org/title/fairbrothers-textbook-of-bacteriology/oclc/4764870&referer=brief_results">http://www.worldcat.org/title/fairbrothers-textbook-of-bacteriology/oclc/4764870&referer=brief_results</a>
942 ## - ADDED ENTRY ELEMENTS (KOHA)
Source of classification or shelving scheme Dewey Decimal Classification
Koha item type Books
Holdings
Lost status Source of classification or shelving scheme Damaged status Not for loan Collection code Permanent Location Current Location Shelving location Date acquired Source of acquisition Cost, normal purchase price Total Checkouts Full call number Date last seen Date checked out Copy number Koha item type
  Dewey Decimal Classification     Non-fiction Central Library, University of Rajshahi Central Library, University of Rajshahi   16/06/1976 Oxford University Press 30.00 1 660.28449 FAI 1974 17/10/2016 24/09/2016 C-7 Books
  Dewey Decimal Classification   Not For Loan Non-fiction Central Library, University of Rajshahi Central Library, University of Rajshahi Reading Room 20/03/2017       660.28449 FAI 1974 20/03/2017   C-1 Books
  Dewey Decimal Classification     Non-fiction Central Library, University of Rajshahi Central Library, University of Rajshahi   16/06/1976 0.u.p.Dacca 30.00   660.28449 FAI 1974 17/11/2020   C-2 Books